000
00276nam a22001217a 4500
020
_a
978-81-7992-815-8
082
_a
158
_b
SHA/G
100
_a
SHARMA,ROBIN
245
_a
THE GREATNESS GUIDE
260
_a
INDIA
_b
JAICO BOOKS
650
_a
THE GREATNESS GUIDE
_z
INDIA
942
_c
BK
999
_c
5350
_d
5350